000 00429nam a2200169Ia 4500
008 230711s9999||||xx |||||||||||||| ||und||
020 _a978-81-203-4473-0
041 _aENG
082 _a621.8
_bSA-T
100 _aSawhney,G.S
245 0 _aThermal and Hydraulic Machines
250 _a2nd Ed.
260 _c2011
_aNew Delhi
_bPHI Learning Private Limited
300 _a578p.
650 _aMechanical Engineering
942 _cBK
999 _c6719
_d6719